000 00635nam a22002297a 4500
003 UA-OsUOA
001 74959
007 ta
008 20110427b un ||||| |||| 00| 0 ukr d
090 _a330.8(477)
_bУ45
942 _cBK
040 _aUA-OsUOA
_bukr
_cUA-OsUOA
_dUA-OsUOA
245 _aУкраїнська економічна думка
_bХрестоматія
_cУпоряд.С. М. Злупко
300 _a694 с.
955 _a2
041 _aukr
080 _a330.8(477)
020 _a966-346-208-6
260 _aК.
_bЗнання
_c2007
650 7 _a330 Економіка взагалі
_2UDC
999 _c361255
_d361255